000 00487nam a2200157 4500
001 108249
003 ES-MaACL
005 20230906184617.0
007 t|
008 061121q19001940bl r ||||1| por d
100 1 _aLobato, José Benito Monteiro.
_972999
245 1 0 _aContos pesados
_b: (Urupés, Negrinha e O Macaco que se fez homem) /
_cMonteiro Lobato.
260 _aSâo Paulo :
_bCompanhia Editora Nacional,
_c[19--?]
300 _a358 p. ;
_c19 cm.
852 _aES-MaACL
_jA-3354
999 _c108249
_d108249